000 00558nam a2200193Ia 4500
005 20250326142551.0
008 250326s9999 xx 000 0 und d
020 _a0 7506 0139 6
037 _aTextbook
040 _aFMSL
_beng
_cFMSL
041 _aeng
_2eng
084 _aX:74 N1
_qFMSL
100 _aStacey R D
_9744400
245 0 _aChaos frontier : creative strategic control for business
_cStacey R D
260 _aOxford
_bOxford, Butter Worth- Heinemann
_c1991
300 _a409p
942 _cTB
_hX:74 N1
999 _c1295621
_d1295621